Biggest Cities on Hokkaidō Quiz - Statistics

General Stats
  • This quiz has been taken 68 times
    58 since last reset
  • The average score is 6 of 10
Answer Stats
Population City % Correct
1,966,416 Sapporo
100%
332,131 Asahikawa
71%
256,476 Hakodate
69%
168,698 Kushiro
62%
167,897 Obihiro
55%
115,618 Otaru
52%
117,859 Kitami
50%
170,669 Tomakomai
50%
96,866 Chitose
38%
120,045 Ebetsu
38%
No matching quizzes found
Score Distribution
Percent of People with Each Score
Percentile by Number Answered
Your Score History
You have not taken this quiz since the last reset